[Event "VII Sunway Sitges Open 2020"]
[Site "Sitges"]
[Date "2020.12.20"]
[Round "7.26"]
[White "Valenzuela Gomez, Fernando"]
[Black "Ortega Ruiz, Jose Miguel"]
[Result "1-0"]
[WhiteElo "2390"]
[BlackElo "2251"]
[Annotator "TA"]
[PlyCount "105"]
[EventDate "2020.12.13"]
[EventType "swiss"]
[EventCountry "ESP"]
[SourceTitle "playchess.com"]
[Source "ChessBase"]
[SourceQuality "1"]

{[%evp 15,105,10,4,-7,-9,-49,-6,2,4,0,0,0,0,-10,2,-25,8,0,21,18,34,26,140,140,138,104,100,99,106,96,153,141,167,122,117,106,166,154,224,189,206,194,345,375,360,331,354,354,347,339,316,702,491,559,424,546,375,115,113,105,105,93,88,80,436,487,451,458,445,463,668,576,726,504,493,484,438,422,744,744,622,400,403,416,29972,29975,29972,29975,29970,29976,29974,29973]} 1. d4 Nf6 2. c4 e6 3. Nc3 Bb4 4. e3 b6 5. Nge2 Ba6 6. a3 Bxc3+ 7. Nxc3 d5 8. Qf3 {is the legacy move (8.b3).} O-O 9. g4 {E45: Nimzo-Indian: Rubinstein: 4...b6 5 Ne2 Ba6.} c6 10. g5 Nfd7 11. cxd5 {The position is equal.} cxd5 12. Bxa6 Nxa6 13. h4 {[#]} Rc8 $146 ({Predecessor:} 13... b5 14. O-O f5 15. Bd2 Qb6 16. Rac1 Qb7 17. Ne2 Nb6 18. b3 Rac8 19. Nf4 Qd7 {1-0 (36) Olofsson Dolk,M (2240)-Hanoman,T (2034) Sweden 2017}) 14. Bd2 Nc7 15. Rg1 e5 16. h5 Ne6 17. Qxd5 exd4 $1 18. exd4 Qc7 (18... Nb8 $11) 19. Be3 $1 $16 Rfd8 20. Qf3 Qc4 21. Rd1 $1 Re8 {Hoping for ...Nxd4.} 22. Rg4 Qb3 ({Black should try} 22... Rf8) 23. Rd2 b5 24. Qd1 Rxc3 25. bxc3 Qxc3 (25... Qd5 $16) 26. Kf1 $18 Qxa3 (26... Qc4+ $16 27. Kg1 Qd5) 27. d5 $36 {[%mdl 2048] White is really pushing.} Nec5 28. d6 a5 $2 (28... Ne6 29. g6 Nf6) 29. Rd5 Ne4 30. Qc2 (30. Rxb5 Qxd6 31. Qxd6 Nxd6 $18) 30... Nc3 31. Rd3 b4 32. Bd4 Qa1+ 33. Kg2 Re1 34. Bxc3 bxc3 35. Rxc3 Rg1+ 36. Kh2 $2 (36. Kh3 Qf1+ 37. Kh4 Rh1+ 38. Kg3 Rh3+ 39. Kf4 Rxc3 $11) (36. Kf3 $1 $18 Ne5+ {[%mdl 64] Double Attack} 37. Kf4 Rxg4+ 38. Kxe5) 36... Rh1+ $16 (36... Rxg4 37. Rc8+ Nf8 38. Rxf8+ $1 {[%mdl 512]} Kxf8 39. Qc8#) 37. Kg3 Qg1+ 38. Kf4 {White threatens Rc8+ and mate.} Qh2+ 39. Rgg3 {Rc8+ would kill now.} Qh4+ $2 {[%mdl 8192] [#] Loses the game.} (39... Re1 $16 {is a better chance.}) 40. Ke3 $1 $18 {White wants to mate with Rc8+.} Re1+ 41. Kd2 Re8 42. Qf5 Nb6 (42... a4 $142 43. g6 (43. Qxd7 Qd4+ 44. Rgd3 Qxf2+ 45. Kc1 Qe1+ 46. Kb2 Rb8+ 47. Kc2 Qb1+ 48. Kd2 Rb2+ 49. Ke3 Qg1+ {[%mdl 64] Double Attack} 50. Kf3 Qh1+ 51. Ke3 Qg1+ {[%mdl 64] Double Attack} 52. Kf3 Qh1+ 53. Ke3 Qg1+ $11 {[%mdl 64] Double Attack}) 43... hxg6 44. hxg6 (44. Qxd7 $2 Qd4+ 45. Rgd3 Qxf2+ 46. Kc1 Re1+ 47. Rd1 Qf4+ 48. Kb2 Rxd1 $19) 44... Qd4+ 45. Rgd3 Qf6 46. gxf7+ (46. Qxd7 Qxf2+ 47. Kc1 Qe1+ 48. Kb2 Rb8+ 49. Kc2 Qb1+ 50. Kd2 Rb2+ 51. Ke3 Qg1+ {[%mdl 64] Double Attack} 52. Kf3 Qh1+ 53. Ke3 Qg1+ {[%mdl 64] Double Attack} 54. Kf3 Qh1+ 55. Ke3 Qg1+ $11 {[%mdl 64] Double Attack}) 46... Qxf7 47. Qxf7+ Kxf7) 43. Rge3 {[%cal Re3e8]} Rd8 {Now ...Nc4+ and Black clings on.} 44. Qe5 {Threatening mate with Qe8+!} h6 45. gxh6 {[%csl Gh6][%cal Re5g7]} Qxf2+ 46. Kc1 {[%csl Gh6][%cal Re5g7]} ({Weaker is} 46. Re2 Qf6 $18) 46... Qg1+ (46... Qf6 $142 47. hxg7 Qxe5 48. Rxe5 Kxg7) 47. Re1 Qg4 48. Qxg7+ Qxg7 49. hxg7 Rxd6 (49... Kxg7 $18 50. Rd1 Nd7) 50. Rg3 {White mates.} Rc6+ 51. Kb1 Rc8 52. h6 Kh7 53. Rf1 {Weighted Error Value: White=0.25/Black=0.49} 1-0

[Event "VII Sunway Sitges Open 2020"]
[Site "Sitges"]
[Date "2020.12.20"]
[Round "7.27"]
[White "Lin, Yingrui"]
[Black "Bin-Suhayl, Ieysaa"]
[Result "1-0"]
[WhiteElo "2399"]
[BlackElo "2193"]
[Annotator "TA"]
[PlyCount "41"]
[EventDate "2020.12.13"]
[EventType "swiss"]
[EventCountry "ESP"]
[SourceTitle "playchess.com"]
[Source "ChessBase"]
[SourceQuality "1"]

{[%evp 9,41,11,35,25,23,17,86,72,312,302,327,318,316,300,299,297,722,748,754,750,709,716,1174,1096,2534,2547,2012,2002,1504,902,29994,29993,29996,932]} 1. d4 Nf6 2. Nf3 c5 3. d5 e6 4. c4 b5 5. e4 Nxe4 6. Bd3 {E10: Blumenfeld Gambit.} Nf6 7. Nc3 $1 {[%mdl 4] is recently more successful than 7.0-0.} b4 {[#]} (7... bxc4 $11 {remains equal.} 8. Bxc4 Ba6) 8. Ne4 $1 $16 {[#] White is better.} Nxe4 $146 (8... a5 $16) ({Predecessor:} 8... d6 9. dxe6 fxe6 10. Nxf6+ gxf6 11. Be4 d5 12. cxd5 f5 13. Ne5 Qh4 14. Bf3 Bb7 15. Qa4+ {1-0 (15) Cuenca Jimenez,J (2523)-Guerrero Rodriguez,A (2016) Chihuahua City 2019}) 9. Bxe4 $18 {Strongly threatening dxe6.} Bb7 10. dxe6 {[%mdl 64] Discovered Attack} Bxe4 11. exf7+ Kxf7 {[#] White must now prevent ...h6.} 12. Ng5+ Qxg5 $2 (12... Kg8) 13. Bxg5 Bc6 14. O-O Na6 15. Qg4 Bd6 16. Rad1 Be5 17. Rxd7+ Bxd7 18. Qxd7+ Kg6 19. Qe6+ Kxg5 20. Qxe5+ Kh6 21. Qe6+ {Black got outplayed after the opening.  Weighted Error Value: White=0.08/Black=1.17} (21. f4 $142 Kg6 22. Qe6+ {[%mdl 64] Double Attack} Kh5 23. Qf5+ Kh6 24. Qg5#) 1-0

[Event "VII Sunway Sitges Open 2020"]
[Site "Sitges"]
[Date "2020.12.20"]
[Round "7.28"]
[White "Garcia Ramos, Daniel"]
[Black "Menac Comas, Joan Ramon"]
[Result "1-0"]
[WhiteElo "2380"]
[BlackElo "2014"]
[Annotator "TA"]
[PlyCount "33"]
[EventDate "2020.12.13"]
[EventType "swiss"]
[EventCountry "ESP"]
[SourceTitle "playchess.com"]
[Source "ChessBase"]
[SourceQuality "1"]

{[%evp 11,33,33,31,23,47,48,59,39,128,126,129,82,69,61,385,381,818,602,628,629,618,612,618,618]} 1. e4 c5 2. Nf3 Nc6 3. d4 cxd4 4. Nxd4 d5 5. Nxc6 bxc6 6. exd5 Qxd5 7. Qe2 {B32: Sicilian: Löwenthal and Kalashnikov Variations.} Bf5 8. Nc3 Qd7 9. Bf4 {[#] White is slightly better.} e6 $146 (9... Nf6 $1 $14) ({Predecessor:} 9... Nf6 10. Rd1 Qb7 {½-½ (10) Newrkla,K (2042)-Papp,P (1926) Szeged 2007}) 10. Rd1 $16 Qb7 11. g4 Bg6 12. Qa6 $36 {[%mdl 2048] Black is under pressure.} Qc8 $2 {[%mdl 8192] This costs Black the game.} ({Black should try} 12... Qxa6 $14 13. Bxa6 Rd8) 13. Qa4 $18 {[#] Strongly threatening Ba6.} Ne7 $2 (13... Qb7 14. Bg2 Rc8) 14. Ba6 {White is clearly winning.} Bxc2 15. Bxc8 {Bd7+ would kill now.} Bxa4 16. Bd7+ ({Worse is} 16. Nxa4 Rxc8 17. Bd2 Nd5 $17) 16... Kd8 17. Nxa4 {Weighted Error Value: White=0.29/Black=0.79} 1-0

[Event "VII Sunway Sitges Open 2020"]
[Site "Sitges"]
[Date "2020.12.20"]
[Round "7.29"]
[White "Sismeiro, Miguel"]
[Black "Cuenca Jimenez, Jose Fernando"]
[Result "0-1"]
[WhiteElo "2035"]
[BlackElo "2528"]
[Annotator "TA"]
[PlyCount "48"]
[EventDate "2020.12.13"]
[EventType "swiss"]
[EventCountry "ESP"]
[SourceTitle "playchess.com"]
[Source "ChessBase"]
[SourceQuality "1"]

{[%evp 14,48,4,0,0,-6,-7,-31,0,0,6,-17,-19,-23,-21,-24,-19,-27,-30,-63,-56,-71,-70,-72,-72,-353,-359,-359,-359,-356,-357,-529,-537,-516,-494,-29996,-29997]} 1. e4 e5 2. Nf3 Nc6 3. Bb5 a6 4. Ba4 Nf6 5. d3 b5 6. Bb3 Bc5 7. O-O {7.Nc3 is a critical line.} d6 8. a4 b4 {C78: Ruy Lopez: Archangelsk and Möller Defences.} 9. c3 O-O 10. Bg5 bxc3 {Black is slightly better.} 11. bxc3 h6 {[#]} 12. Bxf6 $146 ({Predecessor:} 12. Be3 Bxe3 13. fxe3 Na5 14. Bc2 Re8 15. Nbd2 Rb8 16. Rb1 Rxb1 17. Bxb1 c6 18. d4 {0-1 (34) Almeida,J (1785)-Cofer,D (1765) ICCF email 2013}) 12... Qxf6 ({But not} 12... gxf6 $6 13. Bd5 $16) 13. Bd5 Bd7 14. Nbd2 Rab8 15. Bxc6 Bxc6 16. Qe2 Rb2 17. Rfb1 Rfb8 18. Qf1 g5 $36 {[%mdl 2048] aiming for ...g4. Keeping White busy.} 19. Qc1 $2 {[%mdl 8192]} (19. h3 $17) 19... Rxb1 $19 20. Rxb1 Rxb1 21. Qxb1 {[#]} g4 $1 ({Not} 21... Bxa4 22. h3 $17) 22. Qb8+ (22. d4 $142 Ba7 23. Ne1) 22... Kg7 23. Qxc7 gxf3 24. Qxc6 {[#]} (24. Nxf3 $19 Bxa4 25. d4 exd4 26. cxd4) 24... Qg5 $1 {[%mdl 576] Double Attack. White got outplayed after the opening.  Weighted Error Value: White=0.89/Black=0.04} 0-1

[Event "VII Sunway Sitges Open 2020"]
[Site "Sitges"]
[Date "2020.12.20"]
[Round "7.30"]
[White "Llopis de Aysa, Manuel"]
[Black "Siebrecht, Sebastian"]
[Result "0-1"]
[WhiteElo "2093"]
[BlackElo "2429"]
[Annotator "TA"]
[PlyCount "76"]
[EventDate "2020.12.13"]
[EventType "swiss"]
[EventCountry "ESP"]
[SourceTitle "playchess.com"]
[Source "ChessBase"]
[SourceQuality "1"]

{[%evp 17,76,60,100,94,115,121,122,116,121,111,139,124,183,191,212,186,188,123,138,45,17,0,0,0,0,0,0,0,0,0,0,0,0,0,2,0,11,0,0,-38,-14,-14,-14,-16,-24,-79,-75,-72,-68,-132,-143,-148,-146,-158,-141,-151,-147,-1212,-1035,-1650,-1468]} 1. d4 g6 2. e4 Bg7 3. c4 c5 4. d5 d6 5. Nf3 Nf6 6. Nc3 O-O 7. h3 b5 8. cxb5 a6 9. a4 Nbd7 10. Be3 {E90: King's Indian: Classical: Early deviations and 6 h3.} Ne8 11. Be2 Nc7 12. O-O {White is better.} Rb8 13. Qd2 {[#]} Nf6 $146 ({Predecessor:} 13... Re8 14. Rab1 axb5 15. axb5 f6 16. b4 cxb4 17. Rxb4 Nb6 18. Nd4 Bd7 19. Nc6 Qc8 20. Nxb8 Qxb8 {1-0 (38) Barbero,G (2480)-Rouverol,G (2135) Zuerich 1994}) 14. e5 Nfe8 (14... Nd7 $16 {was worth a try.}) 15. Bh6 $18 axb5 16. Bxg7 Nxg7 17. Bxb5 ({Much less strong is} 17. Nxb5 $6 dxe5 18. Nxe5 Qxd5 $16) (17. axb5 $18 Rb7 18. Rfe1) 17... Nxb5 18. Nxb5 (18. axb5 $16 {And now Ra7 would win.} Bd7 19. Ra7) 18... Ba6 $14 19. exd6 (19. Na7 {is interesting.} Qc7 20. Nc6 Bxf1 21. Rxf1 Rb3 22. a5) 19... exd6 20. b4 Bxb5 21. axb5 Rxb5 22. bxc5 Rxc5 23. Rfc1 Nf5 24. Ng5 Re8 25. Ra7 Re7 26. Rxe7 Qxe7 27. Rxc5 dxc5 28. Nf3 Qd6 29. Ng5 Qe5 30. Nf3 Qe4 31. d6 {[#]} (31. Qa2 $11) 31... Qb1+ $1 $17 32. Kh2 {Hoping for g4.} Qb8 33. Qc3 ({White should try} 33. Ne5 $15 Nxd6 34. g3) 33... Qxd6+ 34. g3 Qd5 35. Nd2 h5 36. h4 Nd4 37. Nc4 $2 {[%mdl 8192]} (37. Qe3 $17) 37... Nf3+ $19 38. Kh3 {[#]} Nd2 $1 {[%mdl 512] Black used his chance.  Weighted Error Value: White=0.51/Black=0.09} 0-1

[Event "VII Sunway Sitges Open 2020"]
[Site "Sitges"]
[Date "2020.12.20"]
[Round "7.31"]
[White "Yu, Jennifer"]
[Black "Silva, Pedro Gil Ferreira D"]
[Result "1-0"]
[WhiteElo "2315"]
[BlackElo "2056"]
[Annotator "TA"]
[PlyCount "49"]
[EventDate "2020.12.13"]
[EventType "swiss"]
[EventCountry "ESP"]
[SourceTitle "playchess.com"]
[Source "ChessBase"]
[SourceQuality "1"]

{[%evp 18,49,29,7,31,25,37,41,41,41,42,45,40,33,35,35,55,33,53,29,39,20,16,14,99,102,29994,29995,29995,29996,29996,29997,29998,29999]} 1. d4 Nf6 2. c4 e6 3. Nc3 Bb4 4. e3 Bxc3+ 5. bxc3 c5 6. Bd3 Nc6 7. Nf3 d6 8. O-O e5 9. d5 Ne7 {[%cal Bc6e7,Be7g6,Bg6h4][%mdl 32]} 10. Qc2 Ng6 {E41: Nimzo-Indian: Rubinstein: 4...c5 5 Bd3, including Hübner Variation.} 11. Ng5 {[#]} Nh4 $146 ({Predecessor:} 11... O-O 12. f4 Re8 13. Bd2 b5 14. cxb5 Nxd5 15. Be4 Bb7 16. Qb3 c4 17. Qxc4 Rc8 18. Qd3 {½-½ (29) Watson,P (2184)-Thorarinsson,P (2275) England 2018}) 12. f4 (12. Nxh7 $2 Nxh7 13. f4 Nf6 $19) 12... h6 {White is slightly better.} 13. fxe5 dxe5 14. Nf3 $1 {[%cal Rf3h4]} Nxf3+ 15. Rxf3 O-O 16. e4 Ne8 17. Be3 b6 18. Qf2 Qe7 19. Rg3 $36 {[%mdl 2048] White has good play.} Kh7 20. Qf3 Nd6 {[#]} (20... f6 $11 {remains equal.}) 21. Qh5 $1 $16 Qe8 $2 {[%mdl 8192] [#] Loses the game.} (21... Rg8 $16) 22. Rxg7+ $1 {[%mdl 576] Remove Defender. White mates.} Kxg7 23. Bxh6+ Kh7 24. Bg5+ Kg8 25. Bf6 {Weighted Error Value: White=0.05/Black=0.67} 1-0

[Event "VII Sunway Sitges Open 2020"]
[Site "Sitges"]
[Date "2020.12.21"]
[Round "8.1"]
[White "Korobov, Anton"]
[Black "Checa, Nicolas"]
[Result "1/2-1/2"]
[WhiteElo "2683"]
[BlackElo "2527"]
[Annotator "TA"]
[PlyCount "171"]
[EventDate "2020.12.13"]
[EventType "swiss"]
[EventCountry "ESP"]
[SourceTitle "playchess.com"]
[Source "ChessBase"]
[SourceQuality "1"]

{[%evp 9,171,1,30,-34,-31,-40,-8,-11,0,-2,5,-40,-41,-53,34,61,62,62,59,63,81,73,67,67,68,-10,1,8,3,0,17,0,0,-12,14,-10,0,0,0,0,0,-19,-24,-25,-16,-16,-16,-70,-34,-34,-34,-34,-34,-55,-34,-34,-34,-34,-34,-34,-34,-34,-34,-34,-34,-34,-34,-34,-34,-34,-34,-52,-52,-52,-57,-52,-19,-19,-19,-19,-19,-19,-19,-19,-19,-19,-19,-19,-19,-25,-25,-87,0,-25,0,-25,-25,-25,-19,-19,-19,-19,-19,-19,-19,-19,-19,-19,-19,-19,-19,-19,-19,-19,-19,-19,-8,-19,-19,-59,-59,-59,-59,-59,-66,-67,-19,-75,-75,-75,-75,-75,-75,-75,-75,-75,-75,-128,-128,-128,-118,-118,-118,-118,-118,-118,-75,-75,-75,-75,-75,-75,-75,-75,-75,-75,-8,-75,-75,-75,-75,-75,-75,-75]} 1. d4 d5 2. c4 c6 3. Nf3 Nf6 4. Nc3 a6 5. Qc2 dxc4 6. a4 {D15: Slav Defence: 4 Nc3 a6 and gambit lines after 4 Nc3 dxc4.} (6. e4 $11) 6... Bg4 $15 7. e3 Bxf3 8. gxf3 {The position is equal.} e6 9. Bxc4 c5 {[#]} 10. O-O $146 ({Predecessor:} 10. dxc5 Bxc5 11. Bd2 Nc6 12. Rc1 Rc8 13. f4 Nb4 14. Qb3 Nd3+ 15. Bxd3 Qxd3 16. Qc2 Qxc2 17. Rxc2 Bb4 {½-½ (17) Bulajic,R (2284)-Ratkovic,M (2267) Stari Banovci 2013}) 10... cxd4 11. exd4 Nc6 (11... Qxd4 $15 12. Qb3 Qd7) 12. d5 $1 $14 {[%cal Rd5c6]} exd5 13. Rd1 {[%cal Rc3d5]} Nb4 14. Qb3 $1 {[%cal Rc4d5]} Bc5 15. Nxd5 Nfxd5 16. Bxd5 Qe7 17. Bf4 ({White should try} 17. Bh6 $1 $14 Nxd5 18. Re1) 17... Nxd5 18. Rxd5 O-O 19. a5 h6 20. Kg2 Rad8 21. Rc1 Bd6 22. Be3 Bb8 23. Rcd1 Rxd5 24. Rxd5 {Hoping for Bc5.} Qc7 25. f4 Qc6 {aiming for ...Rd8.} 26. Kf1 Bc7 27. Qd3 Re8 28. Kg1 ({White should play} 28. Bd2 $11) 28... Re6 29. h3 Rd6 30. Rxd6 Qxd6 31. Qf5 Qe6 32. Qc5 Qc6 33. Qf5 Qg6+ 34. Qxg6 fxg6 $15 {[%mdl 4096] Endgame KB-KB} 35. Bd2 $1 Kf7 36. Kg2 Ke6 37. Kf3 Kf5 38. Bc3 h5 39. Bd2 $1 Bd6 40. Be3 Bb4 41. Bb6 Bd2 42. Bc7 Bc1 43. Be5 g5 {Threatening ...g4+.} 44. Bxg7 Bxf4 45. Bd4 Bd6 46. Bb6 Be5 47. b3 Bc3 48. Bd8 Bd4 49. Bc7 Bc5 50. Kg3 (50. Bd8 $11 {remains equal.}) 50... Bd4 (50... Ke4 $1 $17) 51. Kf3 $1 $11 Be5 52. Bb6 Bf4 53. Bd8 g4+ 54. hxg4+ hxg4+ 55. Ke2 Ke4 56. Bb6 Bg5 57. Bc5 Bd8 58. Bb4 Kd4 59. Be1 Be7 60. Bd2 Ba3 61. Be1 $1 {Cut Off at move 61} Bb2 62. Bd2 Bc3 63. Be3+ Ke4 64. Bb6 Bb4 65. Bd8 Kd4 {White must now prevent ...Kc3.} 66. Bf6+ $1 Kd5 $1 67. Bd8 Bc3 68. f3 (68. Bb6 $11) 68... gxf3+ $1 $17 69. Kxf3 Kc5 70. Be7+ Kd4 71. Ke2 {Strongly threatening Bf6+.} Bxa5 {Threatens to win with ...Kc3.} 72. Bf6+ Ke4 73. Kd1 {[#]} (73. Be7 $142) 73... Kd3 $1 74. Kc1 Bc3 75. Be7 Bd4 {...Kc3 is the strong threat.} 76. Bb4 b6 77. Kb1 a5 78. Be7 Kc3 79. Ka2 Be3 80. Bd8 Bc5 81. Bc7 {[#]} Kb4 $1 82. Bd8 Bd4 (82... Kb5 $17) 83. Bc7 (83. Be7+ $1 $11 Kb5 84. Bd8) 83... Kb5 {Black is better.} 84. Bd8 Bc3 85. Be7 Kc6 86. Kb1 {Weighted Error Value: White=0.10/Black=0.11} 1/2-1/2

[Event "VII Sunway Sitges Open 2020"]
[Site "Sitges"]
[Date "2020.12.21"]
[Round "8.2"]
[White "Cheparinov, Ivan"]
[Black "Niemann, Hans Moke"]
[Result "1-0"]
[WhiteElo "2688"]
[BlackElo "2472"]
[Annotator "TA"]
[PlyCount "186"]
[EventDate "2020.12.13"]
[EventType "swiss"]
[EventCountry "ESP"]
[SourceTitle "playchess.com"]
[Source "ChessBase"]
[SourceQuality "1"]

{[%evp 9,186,16,27,27,27,27,31,24,21,26,31,31,32,26,23,26,27,25,32,20,29,22,27,25,26,23,30,17,16,14,57,33,68,43,43,6,1,0,0,0,0,0,35,46,28,31,46,31,33,31,30,34,77,64,83,0,0,0,56,-8,-5,-76,-87,-85,-80,-87,-85,-119,-75,-78,12,0,0,0,0,0,0,0,29,44,279,279,271,271,295,279,295,284,278,273,303,303,345,341,357,357,357,357,357,336,329,288,288,263,263,242,201,201,333,270,387,350,270,269,252,0,243,248,426,406,477,445,1122,1165,1122,1131,1141,1154,1151,1143,1131,1131,1106,1090,1111,1047,1047,1029,782,930,2367,857,592,0,2346,2291,2120,1970,1606,1157,29964,29966,29968,29969,29969,29969,29972,29973,29974,29975,29975,29976,29973,29977,29977,29978,29975,29974,29974,29975,29975,29976,29976,29977,29976,29977,29977,29978,29989]} 1. d4 d5 2. c4 e6 3. Nf3 a6 4. cxd5 exd5 5. Nc3 Nf6 6. Bg5 {D37: Queen's Gambit Declined: 5 Bf4.} Be6 7. e3 Nbd7 8. h3 {White is slightly better.} Bd6 9. Bd3 c6 10. Bf4 Qb8 11. Bxd6 Qxd6 12. O-O O-O 13. Rc1 a5 14. Qc2 g6 15. Rfe1 Rfe8 16. a3 {[#]} Nb6 $146 ({Predecessor:} 16... Rac8 17. Na4 Ne4 18. Bxe4 dxe4 19. Nd2 f5 20. Nc5 Nxc5 21. Qxc5 Qxc5 22. Rxc5 b6 {0-1 (62) Giri,A (2764)-Carlsen,M (2863) chess24.com INT 2020}) 17. Ne5 Nfd7 18. f4 f6 19. Nf3 Bf7 20. f5 {[%cal Rf5g6]} Kg7 21. Qf2 Re7 22. Ne2 g5 23. Ng3 Rae8 24. Rcd1 h6 25. h4 g4 26. Nh2 h5 27. Nhf1 c5 28. Ne2 cxd4 29. Nxd4 Nc5 30. Ng3 Nxd3 31. Rxd3 Re5 32. Nde2 (32. Ne6+ $16 Kg8 33. Nf4) 32... Nc4 {[%cal Re5e3]} 33. Nf4 Qc5 ({Better is} 33... Qb6 $1 $11) 34. b3 (34. Rc1 $14) 34... Nxe3 $11 35. Ne6+ (35. Nfxh5+ $11 Bxh5 36. Nxh5+ Kf7 37. Ng3) 35... Bxe6 $17 36. Nxh5+ Kf7 37. Rexe3 Rxf5 38. Nf4 Qc1+ 39. Kh2 Rg8 (39... Qxa3 $17 40. g3 Qd6) 40. Qg3 {Rc3 is the strong threat.} Rxf4 $1 41. Rc3 $1 {[%cal Rc3c1]} (41. Qxf4 $2 {is the wrong capture.} g3+ $1 {[%mdl 512]} 42. Qxg3 Rxg3 $19) 41... Qf1 42. Rc7+ Kg6 43. Rxe6 {And now Rc2 would win.} Rd4 44. Rxb7 Qf5 $2 (44... Qf4 $14) 45. Rbb6 $1 $18 {Black must now prevent Re5.} (45. Qc7 g3+ 46. Qxg3+ Rg4 $17) 45... Rf8 46. Re5 $1 {[%cal Re5f5]} Qf4 47. Qxf4 $1 Rxf4 48. Rxd5 {[%mdl 4096] Endgame KRR-KRR} a4 49. Kg3 Re4 {[#]} 50. Rg5+ $1 Kh6 51. Rxg4 Re3+ 52. Kf2 Rxb3 53. Rxb3 axb3 {KR-KR} 54. Rb4 Kh5 55. Kg3 ({Not} 55. Rxb3 Kxh4 56. Kf3 Kg5 $16) 55... Ra8 56. Rxb3 Ra4 57. Rf3 Kg6 58. Kh3 f5 (58... Ra8 $142 59. g4 Ra4 60. h5+ Kg7) 59. g3 Ra5 (59... Kf6 {was worth a try.} 60. Rd3 Kf7) 60. Kg2 Ra4 61. Rb3 {Cut Off at move 61} Kh6 62. Rf3 Kg6 63. Kf2 Ra5 $2 (63... Kf6 {is a better defense.} 64. Ke1 Kg6) 64. Ke2 Kh5 65. a4 Kg4 (65... Rxa4 $142 66. Rxf5+ Kg6) 66. Ra3 f4 67. gxf4 Kxf4 68. Kd3 Ke5 69. Kc4 Kd6 70. Rd3+ Kc6 71. Kb4 Rh5 72. Rd4 Kb6 73. Kc4 Kc6 74. Kd3 Kc5 75. Rc4+ (75. Ke3 $142 Rh8 76. Rg4) 75... Kd6 76. Rd4+ (76. Kc3 $142 Ra5 77. Kb4) 76... Kc5 $1 77. Ke3 Rh8 78. a5 Kb5 79. Kf3 Kxa5 80. Kg4 {White mates.} Kb6 81. h5 Kc5 82. Rd7 Kc6 83. Rg7 Kd6 {[#]} 84. Kg5 $1 Re8 85. h6 Re5+ 86. Kg6 Re6+ 87. Kh5 Re1 88. h7 Rh1+ 89. Kg6 Ke6 90. Ra7 Rg1+ 91. Kh6 Rh1+ 92. Kg7 Rg1+ 93. Kf8 Kd5 {Weighted Error Value: White=0.08/Black=0.23} 1-0

[Event "VII Sunway Sitges Open 2020"]
[Site "Sitges"]
[Date "2020.12.21"]
[Round "8.3"]
[White "Moussard, Jules"]
[Black "Nevednichy, Vladislav"]
[Result "1-0"]
[WhiteElo "2626"]
[BlackElo "2546"]
[Annotator "TA"]
[PlyCount "79"]
[EventDate "2020.12.13"]
[EventType "swiss"]
[EventCountry "ESP"]
[SourceTitle "playchess.com"]
[Source "ChessBase"]
[SourceQuality "1"]

{[%evp 17,79,37,35,39,35,29,41,36,28,30,30,37,35,7,47,20,46,24,43,34,38,39,62,81,143,175,173,145,147,159,153,91,152,140,340,331,566,360,331,331,464,443,462,389,412,433,417,416,426,404,625,575,560,564,827,820,808,797,769,772,931,931,4978,2185]} 1. e4 c5 2. Nf3 e6 3. d4 cxd4 4. Nxd4 a6 5. Bd3 Bc5 6. Nb3 Ba7 7. Qe2 Nc6 8. Be3 d6 9. O-O Nf6 10. c4 {B42: Sicilian: Kan Variation: 5 Bd3.} Bxe3 11. Qxe3 e5 12. Nc3 {White is slightly better.} O-O 13. Rfd1 Be6 14. Be2 Qb8 15. Rd2 Rd8 16. Rad1 {[#]} h6 $146 ({Predecessor:} 16... b6 17. Nd5 Bxd5 18. exd5 Ne7 19. f4 exf4 20. Qxf4 Ng6 21. Qf5 Qc7 22. Nd4 Qc5 {0-1 (33) Cremer,J (2099)-Postler,R (2257) Germany 2012}) 17. h3 b6 18. Kh2 Ra7 19. g3 Kf8 20. f4 exf4 (20... b5 $142) 21. gxf4 $16 Re7 22. Qg3 {Black must now prevent Rg1.} b5 23. Rg1 $36 {[%mdl 2048] White is on the roll.} g6 24. Qh4 ({White should try} 24. cxb5 axb5 25. Bxb5 Bxb3 26. Qh4 (26. axb3 Nxe4 27. Nxe4 Qxb5 $11) (26. Bxc6 Rc8 $16)) 24... Ng8 (24... Kg7 $142) 25. Nd5 Bxd5 $2 {Black cannot hold the game after this.} (25... bxc4 $16 {was necessary.} 26. Nxe7 (26. Bxc4 Bxd5 27. exd5 Na7 $16) 26... Ncxe7) 26. cxd5 $18 Na7 $2 (26... Nb4 27. a3 Rxe4) 27. Bf3 Rde8 28. Nd4 Qd8 (28... Qb6 $142 29. f5 g5) 29. Rdg2 Rd7 30. Qxd8 Rdxd8 {[#]} 31. Ne6+ $1 {[%mdl 512]} Ke7 (31... fxe6 32. Rxg6) 32. Nxd8 Kxd8 33. Rc1 h5 (33... Nf6 $142 34. Rgc2 Re7) 34. Rgc2 {White is clearly winning.} Re7 35. e5 Nh6 36. exd6 Rd7 37. Rc7 Rxc7 38. dxc7+ Kc8 39. d6 Nf5 {[#]} 40. Bb7+ $1 {[%mdl 576] Promotion.  Weighted Error Value: White=0.21/Black=0.48} 1-0